Подробности
| 000 -МАРКЕР |
| контрольное поле |
01284nam0a22003131 4500 |
| 001 - ИДЕНТИФИКАТОР ЗАПИСИ |
| контрольное поле |
RU\NLR\A2\5837 |
| 005 - ИДЕНТИФИКАТОР ВЕРСИИ |
| контрольное поле |
20260407102411.0 |
| 035 ## - ДРУГИЕ СИСТЕМНЫЕ НОМЕРА |
| Идентификатор записи |
(NLR Aleph) 009859354 |
| 100 ## - ДАННЫЕ ОБЩЕЙ ОБРАБОТКИ |
| Данные общей обработки |
19970605d1767 u y0rusy50 ca |
| 101 0# - ЯЗЫК РЕСУРСА |
| Язык текста, звукозаписи и т.д. |
латинский |
| 102 ## - СТРАНА ПУБЛИКАЦИИ ИЛИ ПРОИЗВОДСТВА |
| Страна публикации |
российская федерация |
| 200 1# - ЗАГЛАВИЕ И СВЕДЕНИЯ ОБ ОТВЕТСТВЕННОСТИ |
| Основное заглавие |
Oratio de anima legum die natali augustissimae et potentissimae dominae dominae Catharinae II. imperatricis et autocratoris omnium Russiarum etc. in solemni Universitatis Moscvensis celebritate d. 9. Calend. Maii 1767. dicta a Johanne Matthia Schaden, L.L.A.A. Magist. Philosoph. Doct. eiusdemque in Universitate Prof. Publ. Ordin. ac utriusque Gymnas. rector |
| 210 ## - ПУБЛИКАЦИЯ, РАСПРОСТРАНЕНИЕ И ДР. |
| Место издания, распространения и т.д. |
Moscvae [Moskva] |
| Имя издателя, распространителя и т. д. |
Typis Universitatis Caesareae Moscvensis |
| Дата издания, распространения и т.д. |
1767 |
| 215 ## - ФИЗИЧЕСКАЯ ХАРАКТЕРИСТИКА |
| Специфическое обозначение материала и объем |
34 с. |
| Размеры |
4° |
| 321 1# - ПРИМЕЧАНИЯ ОБ ОТДЕЛЬНО ИЗДАННЫХ УКАЗАТЕЛЯХ / РЕФЕРАТАХ / ССЫЛКАХ, ОТРАЖАЮЩИХ КАТАЛОГИЗИРУЕМЫЙ ДОКУМЕНТ |
| Примечания об указателях, рефератах, ссылках |
СК XVIII(ин.) 2472 |
| 600 #0 - ИМЯ ЛИЦА КАК ПРЕДМЕТ |
| -- |
z01690 |
| Начальный элемент ввода |
Ekaterina |
| Дополнения к именам, кроме дат |
имп. |
| Римские цифры |
II |
| Даты |
1729-1796 |
| 620 ## - МЕСТО И ДАТА ПУБЛИКАЦИИ, ИСПОЛНЕНИЯ И Т. Д. |
| Город |
Moskva |
| 690 #0 - |
| -- |
z01600 |
| -- |
Catharina |
| -- |
II |
| 700 #1 - ИМЯ ЛИЦА - ПЕРВИЧНАЯ ОТВЕТСТВЕННОСТЬ |
| Связь между полями |
z02790 |
| Начальный элемент ввода |
Schaden |
| Часть имени, кроме начального элемента ввода |
J.M. |
| Даты |
1731-1797 |
| Расширение инициалов личного имени |
Johann Matthias |
| Код отношения |
Автор |
| 712 01 - НАИМЕНОВАНИЕ ОРГАНИЗАЦИИ - ВТОРИЧНАЯ ОТВЕТСТВЕННОСТЬ |
| Код отношения |
Печатник (типограф) |
| Материалы, к которым относится поле |
lat |
| Начальный элемент ввода |
Mosqua |
| Структурное подразделение |
Universitas |
| -- |
Typographia |
| Графика поля |
Латинская |
| Идентификатор авторитетной/нормативной записи |
RU\NLR\AUTH\889930224 |
| Системный номер авторитетной/нормативной записи |
356034 |
| 790 #1 - ИМЯ ЛИЦА - АЛЬТЕРНАТИВНАЯ ФОРМА |
| Связь между полями |
z02700 |
| Начальный элемент ввода |
Schaden |
| Расширение инициалов личного имени |
Johannes Matthias |
| Код отношения |
Автор |
| 801 #0 - ИСТОЧНИК ЗАПИСИ |
| Страна |
российская федерация |
| Организация |
NLR |
| Дата составления |
19970605 |
| 852 ## - МЕСТОНАХОЖДЕНИЕ И ШИФР ХРАНЕНИЯ |
| Идентификатор организации |
NLR |
| Шифр хранения (Call Number) |
10.26.1.25 |
| 942 ## - ДОПОЛНИТЕЛЬНЫЕ ЭЛЕМЕНТЫ ЗАПИСИ (АБИС) |
| Тип экземпляра АБИС |
Книга |
| 980 ## - КОЛЛЕКЦИЯ |
| Название коллекции |
Национальная библиография |
| 980 9# - КОЛЛЕКЦИЯ |
| Название коллекции |
Сканировано РГБ и региональными библиотеками |
| 980 ## - КОЛЛЕКЦИЯ |
| Название коллекции |
Книги XVIII века на западноевропейских языках, изданные в России |